| 000 | 01735cam a22004814a 4500 | ||
|---|---|---|---|
| 001 | muse86572 | ||
| 003 | MdBmJHUP | ||
| 005 | 20210127151716.0 | ||
| 006 | m o d | ||
| 007 | cr||||||||nn|n | ||
| 008 | 750226s1975 ncu o 00 0 eng d | ||
| 010 | _z 75005995 | ||
| 020 | _a9781469658193 | ||
| 020 | _z0807880841 | ||
| 020 | _z9781469658186 | ||
| 035 | _a(OCoLC)1155222031 | ||
| 040 |
_aMdBmJHUP _cMdBmJHUP |
||
| 041 | 0 | _aengger | |
| 043 | _ae-gx--- | ||
| 050 | 0 | 4 |
_aPT2440.N72 _bZ79 |
| 082 | 0 | _a193 | |
| 100 | 1 |
_aReichert, Herbert W. _q(Herbert William), _d1917-1978. |
|
| 245 | 1 | 0 |
_aFriedrich Nietzsche's Impact on Modern German Literature _bFive Essays / _cby Herbert W. Reichert. |
| 264 | 1 | _bUniversity of North Carolina Press, | |
| 264 | 3 | _bProject MUSE, | |
| 300 |
_a1 online resource (xix, 129 p. p. 127-129 advertisements) : _bport. ; |
||
| 500 | _aEnglish or German. | ||
| 504 | _a"The writings of Herbert W. Reichert": p. 119-126. | ||
| 506 | 0 |
_aOpen Access _fUnrestricted online access _2star |
|
| 588 | _aDescription based on print version record. | ||
| 600 | 1 | 1 |
_aNietzsche, Friedrich Wilhelm, _d1844-1900 _xInfluence. |
| 650 | 0 | _aPhilosophy in literature. | |
| 650 | 0 | _aNegativity (Philosophy) in literature. | |
| 650 | 0 |
_aGerman literature _y20th century _xHistory and criticism. |
|
| 655 | 7 |
_aElectronic books. _2local |
|
| 710 | 2 |
_aProject Muse. _edistributor |
|
| 830 | 0 | _aBook collections on Project MUSE. | |
| 856 | 4 | 0 |
_zFull text available: _uhttps://muse.jhu.edu/book/75735/ |
| 999 |
_c26734 _d26734 |
||